Cantons Vaucluse carte - Statistiques

Statistiques générales
  • Ce quiz a été pris 16 fois
  • Le résultat moyen est 14 sur 17
Réponses sur la Carte
Les réponses sont colorées sur une échelle allant du rouge au vert en fonction du pourcentage des utilisateurs qui les ont devinées à leur premier essai. Vous pouvez retrouver ces pourcentages ci-dessous.
 
Statistiques - réponses
Réponse % Correct
Avignon-1
100%
Avignon-2
100%
Avignon-3
100%
Carpentras
100%
Apt
92%
Orange
92%
Sorgues
92%
Cavaillon
85%
Vaison-la-Romaine
85%
Valreas
85%
Bollene
77%
L'isle-sur-la-Sorgue
69%
Monteux
69%
Pertuis
69%
Le Pontet
62%
Pernes-les-Fontaines
54%
Cheval-Blanc
31%
Aucun quiz correspondant
Distribution des résultats
% des personnes avec chaque résultat
Percentile par nombre de réponses
Votre historique - résultats
Vous n’avez pas pris ce quiz